000 00590nam a2200229Ia 4500
005 20250425161006.0
008 250425s9999 xx 000 0 und d
041 _aspa
082 _a342.9866
245 0 _aDIVISION TERRITORIAL DE LA REPUBLICA DEL ECUADOR Y SU CODIFICACION
250 _a1A ED.
260 _aEcuador
_bINE
_c1972
260 _aS.L.
300 _a74
650 _aCODIFICACION
650 _aDERECHO ADMINISTRATIVO
650 _aDERECHO CONSTITUCIONAL
650 _aDERECHO TERRITORIAL-ECUADOR
650 _aECUADOR-HISTORIA
942 _c01
010 _a10136
999 _c200265
_d200265